000 00616cam a2200229ua 4500
005 20221029105446.0
008 160818n ii |||gr||||Z||||||asm
020 _a9789382624141
040 _cMAIN
_aIN-DiNC
041 _dasm
082 _a303.625
_bTAL
100 _aTalukdar, Mrinal.
_eauthor
245 _aMautam/
_cby Mrinal Talukdar
250 _a3rd ed.
260 _aGuwahati:
_bNanda Talukdar foundation,
_c2012.
300 _a309p.
650 _aTerrorism in North East India
650 _aNaga Accord
653 _aSouth Asia India
653 _aHistory of terrorism in Northeast
942 _cBK
_2ddc
999 _c8760
_d8760